Ipuin-barreka (euskaltzaindiak saritu eban ipuin-txorta hau 1954. urtean) / (Record no. 151077)

MARC details
000 -LEADER
campo de control de longitud fija 00657nam a2200193 i 4500
001 - NÚMERO DE CONTROL
campo de control 151077
003 - IDENTIFICADOR DE NÚMERO DE CONTROL
campo de control ES-MaACL
005 - FECHA Y HORA DE LA ÚLTIMA TRANSACCIÓN
campo de control 20230906203827.0
007 - CAMPO FIJO DE DESCRIPCIÓN FÍSICA--INFORMACIÓN GENERAL
campo de control de longitud fija t|
008 - DATOS DE LONGITUD FIJA--INFORMACIÓN GENERAL
campo de control de longitud fija 071204s1973 sp ||||1| baq d
080 ## - NÚMERO DE LA CLASIFICACIÓN DECIMAL UNIVERSAL
Número de la Clasificación Decimal Universal 891.69-34(082.2)
245 00 - MENCIÓN DEL TÍTULO
Título Ipuin-barreka (euskaltzaindiak saritu eban ipuin-txorta hau 1954. urtean) /
Mención de responsabilidad, etc. Azala ta irudiak, Ibarburu ta X. Egañarenak. II. argit Arantzazu Félix Bilbao.
260 ## - PUBLICACIÓN, DISTRIBUCIÓN, ETC.
Lugar de publicación, distribución, etc. Arantzazu :
Nombre del editor, distribuidor, etc. Ed. Franciscana,
Fecha de publicación, distribución, etc. [1973]
300 ## - DESCRIPCIÓN FÍSICA
Extensión 299 p., 10 lám. ;
Dimensiones 19 cm.
700 1# - ENTRADA AGREGADA--NOMBRE PERSONAL
Nombre de persona Bilbao, Félix.
9 (RLIN) 28863
700 1# - ENTRADA AGREGADA--NOMBRE PERSONAL
Nombre de persona Ibarburu.
9 (RLIN) 64947
700 1# - ENTRADA AGREGADA--NOMBRE PERSONAL
Nombre de persona Egaña, Xabier.
9 (RLIN) 46693
852 ## - LOCALIZACIÓN
Ubicación ES-MaACL
Número de control de estantería C-54382
Sublocalización o colección R.87108
Holdings
Estatus retirado Estado de pérdida Estado de daño No para préstamo Biblioteca de origen Biblioteca actual Ubicación en estantería Fecha de adquisición Fuente de adquisición Total de préstamos Signatura topográfica completa Código de barras Visto por última vez Precio de reemplazo Tipo de ítem Koha
        Biblioteca del Ateneo de Madrid Biblioteca del Ateneo de Madrid Depósito 2 17/01/2008     C-54382 1157648 23/02/2023 23/02/2023 Libro impreso